Language, thought, and reality : selected writings of Benjamin Lee Whorf /

Bibliographic Details
Main Author: Whorf, Benjamin Lee, 1897-1941
Corporate Author: ebrary, Inc
Other Authors: Carroll, John B. (John Bissell), 1916-2003, Levinson, Stephen C., Lee, Penny
Format: eBook
Language:English
Published: Cambridge, Mass. : MIT Press, 2012.
Edition:2nd ed.
Subjects:
Online Access:Connect to the full text of this electronic book

MARC

Tag First Indicator Second Indicator Subfields
LEADER 00000cam a2200000 a 4500
001 in00002781075
006 m d
007 cr cn|||||||||
008 111228s2012 maua ob 001 0 eng d
005 20250816205646.1
010 |z  2011053173 
020 |z 9780262517751 (pbk. alk. paper) 
020 |z 9780262305846 (e-book) 
035 |a (CaPaEBR)ebr10582916 
040 |a CaPaEBR  |c CaPaEBR  |d UtOrBLW 
050 1 4 |a P27  |b .W53 2012eb 
082 0 4 |a 400  |2 23 
100 1 |a Whorf, Benjamin Lee,  |d 1897-1941. 
245 1 0 |a Language, thought, and reality :  |b selected writings of Benjamin Lee Whorf /  |c Benjamin Lee Whorf ; edited by John B. Carroll, Stephen C. Levinson, and Penny Lee ; introduction by John B. Carroll ; foreword by Stephen C. Levinson. 
250 |a 2nd ed. 
264 1 |a Cambridge, Mass. :  |b MIT Press,  |c 2012. 
300 |a 1 online resource (xxiii, 417 pages) :  |b illustrations 
336 |a text  |b txt  |2 rdacontent 
337 |a computer  |b c  |2 rdamedia 
338 |a online resource  |b cr  |2 rdacarrier 
504 |a Includes bibliographical references and index. 
500 |a Electronic resource. 
650 0 |a Language and languages. 
650 0 |a Sapir-Whorf hypothesis. 
655 7 |a Electronic books.  |2 local 
700 1 |a Carroll, John B.  |q (John Bissell),  |d 1916-2003. 
700 1 |a Levinson, Stephen C. 
700 1 |a Lee, Penny. 
710 2 |a ebrary, Inc. 
856 4 0 |u https://ebookcentral.proquest.com/lib/tamucs/detail.action?docID=3339467  |y Connect to the full text of this electronic book  |t 0 
980 |a 120821  |b 35  |c USD  |e 35  |f YBP_EBR0000040734  |g 1 
999 f f |s 651001d6-c8a2-3fd7-80cf-29054887bf01  |i ef7649c9-e3b5-349e-b454-21cb3a6a4bb6  |t 0 
999 |a MARS 
952 f f |a Texas A&M University  |b College Station  |c Electronic Resources  |d Available Online  |t 0  |e P27 .W53 2012eb  |h Library of Congress classification 
998 f f |a P27 .W53 2012eb  |t 0  |l Available Online